000 00697nam a2200253Ia 4500
003 OSt
005 20221006140658.0
006 a|||||r|||| 00| 0
007 ta
008 221006b |||||||| |||| 00| 0 jpn d
024 _a359
037 _bGift, Japan Foundation
_cTextual
040 _aEASL
_cEASL
_bjpn
041 _2jpn
_ajpn
082 _aYv42.N9, N9
100 _aKASAYA Kazuhiko Ed.
_9643181
245 0 _aKuge to buke II
260 _aTokyo
_bKokusai nihon bunka Kenkyu Senta- Japan
_c1999
300 _a526p.
_ccm.
490 _v JL
650 _aJL
942 _hYv42.N9, N9
_cTEXL
_2CC
999 _c1068446
_d1068446